000 00474nam a22001697a 4500
008 161126s2006 gt||||| |||| 00| 0 spa d
020 _a9992223340
082 0 4 _a861
_bP649c
100 1 _aPineda, Luis Carlos.
_95629
245 1 0 _aCalaveras y flores /
_cLuis Carlos Pineda.
250 _a1a ed.
260 _aGuatemala :
_bEdiciones Bizarras,
_c2006.
300 _a78 p.
653 1 0 _aLiteratura Latinoamerica
653 1 0 _aPoesía - Guatemala
653 1 0 _aPoesía - Arte
999 _c1094
_d1094